| 000 | 00357cam a2200145ua 4500 | ||
|---|---|---|---|
| 041 |
_aeng _h |
||
| 082 |
_a823.308 _bJER/TH |
||
| 100 | _aJerome, K Jerome . | ||
| 245 |
_aThree men on the bummel / _cJerome K Jerome. _hTextual Documents |
||
| 260 |
_aLondon : _bLongman , _c1963. |
||
| 300 | _a118 ; . | ||
| 504 | _a | ||
| 942 | _cBK | ||
| 999 |
_c12536 _d12536 |
||